00467nam a22001577a 450000500170000001000150001702000260003203500140005803700130007208200060008510000160009124500570010726000310016427000940019530000200028920190214112539.0 aENG-124779 a9789383501786c850.00 aEN-108311 bDBAD/PUB aS aGarg, Manoj aGreat stories by nobel prize winners/cby Manoj Garg aDelhibDolphin Booksc2018 aShop No.9A, 22 Number lane, Plot No.4735, Old Medical Asso.RoadbDaryaganj, Delhie110002 a239p.c23cm(Hb)